| 000 | 01838nam a2200217Ia 4500 | ||
|---|---|---|---|
| 003 | Ost | ||
| 005 | 20260507075311.0 | ||
| 008 | 260507s9999||||xx |||||||||||||| ||und|| | ||
| 040 | _cfsecg | ||
| 041 | _aara | ||
| 082 | _a341.26 | ||
| 100 |
_aالجنبيهى، منير محمد _eمؤلف |
||
| 245 | 0 |
_aالاعترافات بقرارات التحكيم الأجنبية و انقاذها / _c منير محمد الجنبيهى |
|
| 260 |
_aالاسكندرية: _bدار الفكر الجامعي, _c2005 |
||
| 300 |
_a220 صفحة؛ _c25 سم |
||
| 520 | _aالطرق البديلة لفض المنازعات، الامم المتحدة ، الجمعية العامة، تقرير الفريق الفني العامل المعني بالتحكيم ، قبول أدلة معينة في الاجراءات القضائية أو التحكيمية الاحقة، دور الموفق في الاجراءات التحكيمية أو القضائية ، اتفاق التحكيم الكتابي و التجارة الدولية ، اشتراط الشرط الكتابي لاتفاق التحكيم ، اتفاقية الامم المتحدة بشأن الاعتراف بقرارات التحكيم الاجنبية و انفاذها ، الاتفاقية العربية بسأن القواعد و الاجراءات التي تحكم تسوية المنازعات ، الاعتراف بقرارات التحكيم الدولية و انفاذها طبقا لقانونالتحكيم التونسي ، التتحكيم السوري ، التحكيم العمّاني ، التحكيم اللبناني ، التحكيم المصري و التحكيم اليمني | ||
| 653 | _aالتحكيم | ||
| 653 | _aالتحكيم الدولي | ||
| 700 |
_aالجنبيهي، ممدوح محمد _eمؤلف ثانوي |
||
| 942 | _cكتاب | ||
| 999 |
_c43869 _d43869 |
||